000 00789nam a22002175i 4500
001 176810
003 ES-MaACL
005 20230906220204.0
008 110211s1955 sp |||| | spa d
080 _a821.134.2-1
080 _a821.134.2-7.09
100 1 _aQuirós, Juan de.
_9145155
245 1 0 _aCristo Pathia
_b: (Toledo, 1552) /
_cJuan de Quirós ; [introducción bibliográfica por Antonio Pérez Gómez].
260 _aValencia :
_bLa fonte que mana y corre,
_c1955.
300 _a153 p. ;
_c18 cm.
490 1 _aDuque y marqués : opúsculos literarios rarísimos ;
_v6
500 _aReproducción facs. de la port.
830 0 _aDuque y marqués : opúsculos literarios rarísimos ;
_v6
_9190262
852 _aES-MaACL
_jE-14293
_xOlim P-292
999 _c176810
_d176810